[Event "LSS WC-2010-T-00004"]
[Site "LSS email"]
[Date "2009.06.12"]
[Round "?"]
[White "Ingersol, Harry"]
[Black "Larsen, Thomas Gjerken"]
[Result "0-1"]
[WhiteElo "2392"]
[BlackElo "2357"]
[PlyCount "74"]
[EventDate "2009.06.17"]
[EventType "tourn (corr)"]
[EventRounds "12"]
[EventCountry "GER"]
[SourceTitle "Corr 2013"]
[Source "ChessBase"]
[SourceDate "2012.11.12"]
[SourceVersion "1"]
[SourceVersionDate "2012.11.12"]
[SourceQuality "1"]
[WhiteTeam "US of America"]
[BlackTeam "US of America"]
[WhiteTeamCountry "USA"]
[BlackTeamCountry "USA"]

1. d4 f5 2. g3 Nf6 3. Bg2 d6 4. Nf3 g6 5. 0-0 Bg7 6. c4 0-0 7. Nc3 Nc6 8. d5 Ne5 9. Nxe5 dxe5 10. Qb3 Kh8 11. Bg5 h6 12. Bxf6 Bxf6 13. e4 f4 14. c5 g5 15. Rfd1 g4 16. a4 h5 17. c6 Rb8 18. a5 h4 19. a6 b6 20. Nb5 f3 21. Bh1 hxg3 22. fxg3 Qe8 23. Qe3 Qg6 24. h4 gxh3 25. Kh2 Bg5 26. Qd3 Bg4 27. Rf1 f2 28. Nxc7 Rf6 29. Ne6 Rg8 30. Ra3 Bh6 31. c7 Qh5 32. Qc4 b5 33. Qc5 Bxe6 34. Rxf2 Rxf2+ 35. Qxf2 b4 36. Rd3 Bc8 37. Rf3 Qg6 0-1

[Event "LSS WC-2010-T-00004"]
[Site "LSS email"]
[Date "2009.06.12"]
[Round "?"]
[White "Larsen, Thomas Gjerken"]
[Black "Morozov, Dmitry Viktorovich"]
[Result "0-1"]
[WhiteElo "2357"]
[BlackElo "2387"]
[PlyCount "92"]
[EventDate "2009.06.17"]
[EventType "tourn (corr)"]
[EventRounds "12"]
[EventCountry "GER"]
[SourceTitle "Corr 2013"]
[Source "ChessBase"]
[SourceDate "2012.11.12"]
[SourceVersion "1"]
[SourceVersionDate "2012.11.12"]
[SourceQuality "1"]
[WhiteTeam "US of America"]
[BlackTeam "US of America"]
[WhiteTeamCountry "USA"]
[BlackTeamCountry "USA"]

1. d4 d5 2. c4 c6 3. Nc3 Nf6 4. Nf3 e6 5. Bg5 h6 6. Bh4 dxc4 7. e4 g5 8. Bg3 b5 9. Be2 Bb7 10. h4 g4 11. Ne5 Nbd7 12. Nxd7 Qxd7 13. Be5 Qe7 14. Bxg4 Rg8 15. Bf3 0-0-0 16. Qe2 Nd7 17. Bg3 b4 18. Na4 Ba6 19. Qc2 Bb5 20. 0-0-0 e5 21. d5 b3 22. axb3 Qb4 23. Qd2 cxb3 24. Qxb4 Bxb4 25. dxc6 Bxc6 26. Nc3 Bxc3 27. bxc3 f6 28. Rd6 Kc7 29. Rxf6 Rxg3 30. Rxc6+ Kxc6 31. fxg3 Nc5 32. Rd1 Rb8 33. g4 a5 34. g5 hxg5 35. hxg5 a4 36. Kb2 a3+ 37. Kxa3 Ra8+ 38. Kb2 Ra2+ 39. Kb1 Na4 40. Rd3 Rb2+ 41. Ka1 Rc2 42. Kb1 Kc5 43. g6 Kc4 44. Re3 Nxc3+ 45. Rxc3+ Kxc3 46. Bd1 Rxg2 0-1

[Event "LSS ST-2008-0-00034"]
[Site "LSS email"]
[Date "2008.07.26"]
[Round "?"]
[White "Larsen, Thomas Gjerken"]
[Black "Kuhne, Detlev"]
[Result "1/2-1/2"]
[WhiteElo "2324"]
[BlackElo "2354"]
[PlyCount "56"]
[EventDate "2008.07.03"]
[EventType "tourn (corr)"]
[EventRounds "6"]
[EventCountry "GER"]
[SourceTitle "Corr 2013"]
[Source "ChessBase"]
[SourceDate "2012.11.12"]
[SourceVersion "1"]
[SourceVersionDate "2012.11.12"]
[SourceQuality "1"]
[WhiteTeam "US of America"]
[BlackTeam "US of America"]
[WhiteTeamCountry "USA"]
[BlackTeamCountry "USA"]

1. d4 Nf6 2. c4 e6 3. Nc3 Bb4 4. f3 d5 5. a3 Bxc3+ 6. bxc3 0-0 7. cxd5 exd5 8. e3 Nh5 9. Qc2 Re8 10. g4 Nf4 11. h4 c5 12. Kf2 Ng6 13. Bd3 Nc6 14. Ne2 c4 15. Bxg6 fxg6 16. h5 Qf6 17. hxg6 Bxg4 18. Nf4 Bf5 19. gxh7+ Kh8 20. Qd1 Rad8 21. Ra2 Na5 22. Kg1 Rd6 23. Rg2 Qe7 24. Rh5 g6 25. Rh6 Nb3 26. Kf2 g5 27. Rxd6 gxf4 28. Rxd5 Qh4+ 1/2-1/2

[Event "Copenhagen-ch Obro 70th"]
[Site "Copenhagen"]
[Date "2006.10.17"]
[Round "4"]
[White "Larsen, Thomas Gjerken"]
[Black "Hansen, Soren Moller"]
[Result "1-0"]
[WhiteElo "2109"]
[BlackElo "1903"]
[PlyCount "95"]
[EventDate "2006.10.14"]
[EventType "swiss"]
[EventRounds "9"]
[EventCountry "DEN"]
[SourceTitle "EXT 2007"]
[Source "ChessBase"]
[SourceDate "2006.11.23"]
[SourceVersion "1"]
[SourceVersionDate "2006.11.23"]
[SourceQuality "1"]

1. e4 g6 2. f4 Bg7 3. Nf3 d6 4. Nc3 Nf6 5. Be2 0-0 6. 0-0 c5 7. d4 cxd4 8. Nxd4 Nc6 9. Nb3 a6 10. Be3 Bd7 11. Bf3 Rb8 12. Qd2 Bg4 13. Kh1 Bxf3 14. Rxf3 b5 15. a3 a5 16. Qd3 b4 17. axb4 axb4 18. Nd5 Ng4 19. Nd4 Nxd4 20. Bxd4 e5 21. Ba7 Ra8 22. f5 Qh4 23. h3 Rxa7 24. Rxa7 Nf2+ 25. Rxf2 Qxf2 26. Ra1 b3 27. Qxb3 gxf5 28. Ne7+ Kh8 29. Nxf5 Qd2 30. Qd3 Qxd3 31. cxd3 Rd8 32. Ra7 Kg8 33. Rb7 Bf8 34. g4 d5 35. Kg2 dxe4 36. dxe4 Rd3 37. h4 h6 38. h5 Rd2+ 39. Kf3 Rd3+ 40. Ke2 Rh3 41. Rb8 Rh2+ 42. Kf3 Rh3+ 43. Kg2 Rd3 44. Nxh6+ Kg7 45. Nf5+ Kg8 46. h6 Rd2+ 47. Kf3 Rd3+ 48. Ne3 1-0

[Event "Copenhagen-ch Obro 70th"]
[Site "Copenhagen"]
[Date "2006.10.16"]
[Round "3"]
[White "Akdag, Dara Sevkan"]
[Black "Larsen, Thomas Gjerken"]
[Result "1-0"]
[WhiteElo "1989"]
[BlackElo "2109"]
[PlyCount "49"]
[EventDate "2006.10.14"]
[EventType "swiss"]
[EventRounds "9"]
[EventCountry "DEN"]
[SourceTitle "EXT 2007"]
[Source "ChessBase"]
[SourceDate "2006.11.23"]
[SourceVersion "1"]
[SourceVersionDate "2006.11.23"]
[SourceQuality "1"]

1. d4 e6 2. c4 f5 3. Nc3 Nf6 4. Bg5 Be7 5. Qc2 0-0 6. e3 d5 7. Bd3 Ne4 8. Bxe7 Qxe7 9. Nge2 c6 10. f3 Nd6 11. c5 Nf7 12. e4 e5 13. exd5 exd4 14. d6 Qe3 15. Nd1 Qe5 16. 0-0 Nd7 17. Rc1 Nd8 18. b4 Kh8 19. Qb2 Ne6 20. Bc4 Nf6 21. f4 Nxf4 22. Rxf4 Ne4 23. Qxd4 Qxd4+ 24. Nxd4 g5 25. Rf1 1-0

[Event "Sandefjord op"]
[Site "Sandefjord"]
[Date "2005.04.10"]
[Round "5"]
[White "Brix, Jan"]
[Black "Larsen, Thomas Gjerken"]
[Result "0-1"]
[WhiteElo "1438"]
[BlackElo "1602"]
[PlyCount "70"]
[EventDate "2005.04.09"]
[EventType "swiss"]
[EventRounds "5"]
[EventCountry "NOR"]
[SourceTitle "EXT 2008"]
[Source "ChessBase"]
[SourceDate "2007.11.25"]
[SourceVersion "1"]
[SourceVersionDate "2007.11.25"]
[SourceQuality "1"]

1. e4 c5 2. Nf3 d6 3. d4 cxd4 4. Nxd4 Nf6 5. Nc3 Nc6 6. Be3 a6 7. Be2 e6 8. 0-0 Be7 9. Kh1 0-0 10. f4 Nxd4 11. Bxd4 b5 12. a3 Bb7 13. Bf3 Nd7 14. Qe1 Rc8 15. Rd1 Qc7 16. Qg3 e5 17. fxe5 dxe5 18. Be3 Kh8 19. Bg4 Rcd8 20. Bxd7 Rxd7 21. Rxd7 Qxd7 22. Qxe5 f6 23. Qg3 Rc8 24. Rd1 Qe6 25. Qf3 h6 26. Rd2 Bxa3 27. Nxb5 Bxe4 28. Qe2 Bxb2 29. Rd6 Qc4 30. Rd8+ Kh7 31. Qxc4 Rxc4 32. Nd6 Ra4 33. h4 Ra1+ 34. Kh2 Be5+ 35. Kh3 h5 0-1

[Event "NOR-ch class2"]
[Site "Fredrikstad"]
[Date "2003.07.09"]
[Round "6"]
[White "Larsen, Thomas Gjerken"]
[Black "Bryn, Thomas"]
[Result "1/2-1/2"]
[WhiteElo "1683"]
[BlackElo "1534"]
[PlyCount "53"]
[EventDate "2003.07.??"]
[EventType "swiss"]
[EventRounds "7"]
[EventCountry "NOR"]
[SourceTitle "CBM 095 Extra"]
[Source "ChessBase"]
[SourceDate "2003.09.04"]
[SourceVersion "1"]
[SourceVersionDate "2003.09.04"]
[SourceQuality "1"]

1. Nf3 Nf6 2. g3 g6 3. Bg2 Bg7 4. d3 d6 5. e4 e5 6. 0-0 0-0 7. Nc3 Be6 8. h3 Nc6 9. Be3 d5 10. exd5 Nxd5 11. Ne4 Nxe3 12. fxe3 Qe7 13. Qe2 f5 14. Nc3 Rad8 15. e4 Nd4 16. Nxd4 exd4 17. Nb5 Bd7 18. Na3 Bc6 19. Rae1 Rde8 20. Qd2 Qd6 21. e5 Bxe5 22. Nc4 Qf6 23. Bxc6 bxc6 24. Nxe5 Rxe5 25. Qf4 Rfe8 26. Qxd4 Qg5 27. Qf2 1/2-1/2

[Event "Kretsmesterskap"]
[Site "Sandefjord"]
[Date "2003.03.01"]
[Round "1"]
[White "Kaupang, Eilert A"]
[Black "Larsen, Thomas Gjerken"]
[Result "0-1"]
[WhiteElo "1648"]
[BlackElo "1497"]
[PlyCount "136"]
[EventDate "2003.03.??"]
[EventType "swiss"]
[EventRounds "4"]
[EventCountry "NOR"]
[SourceTitle "EXT 2005"]
[Source "ChessBase"]
[SourceDate "2004.11.15"]
[SourceVersion "1"]
[SourceVersionDate "2004.11.15"]
[SourceQuality "1"]

1. e4 c5 2. Nc3 d6 3. Bb5+ Nc6 4. Nge2 Bd7 5. a3 a6 6. Bc4 b5 7. Bd5 Nf6 8. Bxc6 Bxc6 9. d3 e6 10. 0-0 Be7 11. f4 0-0 12. Ng3 Qb6 13. Be3 d5 14. exd5 exd5 15. Nce2 d4 16. Bd2 Qb7 17. Nf5 Rfe8 18. Nh4 Nd5 19. Nf3 Ne3 20. Bxe3 dxe3 21. Qe1 Bd6 22. Qh4 Re6 23. c3 Rh6 24. Qg3 Rg6 25. Qh3 Re8 26. g4 Bd7 27. Ng5 h6 28. Qf3 Qxf3 29. Nxf3 Rxg4+ 30. Kh1 Bxf4 31. Rg1 Rxg1+ 32. Rxg1 Bc7 33. Kg2 Bc6 34. Rf1 Re6 35. d4 c4 36. Ng3 e2 37. Re1 Rf6 38. Nxe2 Bxf3+ 39. Kg1 Bxe2 40. Rxe2 Re6 41. Rf2 g6 42. Kg2 f5 43. Kf3 Re4 44. Rg2 Kf7 45. Rd2 g5 46. h3 Bf4 47. Rd1 Re3+ 48. Kg2 Rg3+ 49. Kf2 Rxh3 50. d5 Rd3 51. Rh1 Kg6 52. d6 Rxd6 53. Re1 Rd2+ 54. Kf3 Rd3+ 55. Kg2 Kf6 56. Re8 g4 57. Rf8+ Kg6 58. Ra8 Rd2+ 59. Kg1 Rxb2 60. Rxa6+ Kg5 61. a4 bxa4 62. Rxa4 Kh4 63. Ra1 g3 64. Rf1 Be3+ 65. Rf2 Kh3 66. Kf1 Rxf2+ 67. Ke1 g2 68. Kd1 g1Q# 0-1